Pan y toros y otros papeles sediciosos de finales del siglo XVIII / (Record no. 114347)

MARC details
000 -LEADER
campo de control de longitud fija 00613nam a2200193 i 4500
001 - NÚMERO DE CONTROL
campo de control 114347
003 - IDENTIFICADOR DE NÚMERO DE CONTROL
campo de control ES-MaACL
005 - FECHA Y HORA DE LA ÚLTIMA TRANSACCIÓN
campo de control 20251009172047.0
007 - CAMPO FIJO DE DESCRIPCIÓN FÍSICA--INFORMACIÓN GENERAL
campo de control de longitud fija t|
008 - DATOS DE LONGITUD FIJA--INFORMACIÓN GENERAL
campo de control de longitud fija 061121s1971 sp |||| | spa d
245 00 - MENCIÓN DEL TÍTULO
Título Pan y toros y otros papeles sediciosos de finales del siglo XVIII /
Mención de responsabilidad, etc. recogidos y presentados por Antonio Elorza.
260 ## - PUBLICACIÓN, DISTRIBUCIÓN, ETC.
Lugar de publicación, distribución, etc. Madrid :
Nombre del editor, distribuidor, etc. Ayuso,
Fecha de publicación, distribución, etc. 1971.
300 ## - DESCRIPCIÓN FÍSICA
Extensión 110 p. ;
Dimensiones 19 cm.
630 04 - PUNTO DE ACCESO ADICIONAL DE MATERIA--TÍTULO UNIFORME
Título uniforme Pan y toros.
9 (RLIN) 163301
651 #4 - PUNTO DE ACCESO ADICIONAL DE MATERIA--NOMBRE GEOGRÁFICO
Nombre geográfico España-
Subdivisión general Historia-
Subdivisión cronológica S.XVIII-
Subdivisión de forma Fuentes.
9 (RLIN) 157994
700 1# - ENTRADA AGREGADA--NOMBRE PERSONAL
Nombre de persona Elorza, Antonio,
Fechas asociadas al nombre 1943-
9 (RLIN) 47089
852 ## - LOCALIZACIÓN
Ubicación ES-MaACL
Número de control de estantería C-41191
Holdings
Estatus retirado Estado de pérdida Estado de daño No para préstamo Biblioteca de origen Biblioteca actual Ubicación en estantería Fecha de adquisición Fuente de adquisición Total de préstamos Signatura topográfica completa Código de barras Visto por última vez Precio de reemplazo Tipo de ítem Koha
        Biblioteca del Ateneo de Madrid Biblioteca del Ateneo de Madrid Depósito 2 17/01/2008     C-41191 1119250 23/02/2023 23/02/2023 Libro impreso